| 000 | 00000nam##2200000za#4500 |
| 001 | 9.618704 |
| 003 | CaOODSP |
| 005 | 20210615103010 |
| 007 | ta |
| 008 | 150406|2007||||xxc||||| f|0| 0 eng|d |
| 022 | |a0706-6473 |
| 040 | |aCaOODSP|beng |
| 043 | |an-cn--- |
| 086 | 1 |aFs97-4/2818E |
| 110 | 1 |aCanada. |bDepartment of Fisheries and Oceans. |
| 245 | 12|aA biological synopsis of the European green crab, Carcinus maenas / |cby G. Klassen and A. Locke. |
| 260 | |aMoncton - New Brunswick : |bFisheries and Oceans Canada |c2007. |
| 300 | |avii, 75p. : |bmaps, tables ; |c28 cm. |
| 490 | 1 |aCanadian manuscript report of fisheries and aquatic sciences|x0706-6473|v2818 |
| 500 | |a"Fisheries and Oceans Canada, Gulf Fisheries Centre, P.O. Box 5030, Moncton, NB, EiC 9B6"--Cover. |
| 504 | |aBibliography. |
| 520 | 3 |aThis report is part of a series that contains scientific and technical information that contributes to existing knowledge but deals with national or regional problems. They are distributed to institutions and individuals in the relevant areas of Canada. The subject matter reflects the interests and policies of the Department of Fisheries and Oceans. |
| 546 | |a(Résumé en français.) |
| 563 | |aSoftcover |
| 590 | |a08-09|b2008-02-29 |
| 720 | 1 |aLocke, A. |
| 720 | 1 |aKlassen, Greg |
| 776 | 0#|tA biological synopsis of the European green crab, Carcinus maenas / |w(CaOODSP)9.580114 |
| 830 | #0|aCanadian manuscript report of fisheries and aquatic sciences,|x0706-6473|v2818|w(CaOODSP)9.514688 |